00570nam a2200193 a 4500008004100000020002700041040001200068041000800080044000700088082002200095100002700117245006700144250001200211260005900223300003600282504002000318650003100338852000700369191028s2011 ii a|||g |||| 00| 0 eng d a9781412972352c$ 82.00 aKObeng0 aeng aii04223a658.3008bM791 aMor Barak, Michalle E.10aManaging Diversity :bTowards a Globally Inclusive Workplace / a2nd ed. aNew Delhi :bSAGE Publications India Pvt. Ltd. ,c2011 axviii, 388 p. :bill. ;c23 cm. aIncludes Index. 0aDiversity in the workplace aKO